La fontaine ou la vie est un conte

Guardado en:
Bibliografiske detaljer
Hovedforfatter: Orieux, Jean
Format: Bog
Sprog:Undetermined
Udgivet: París, Francia Flammarion 1976
Fag:
Tags: Tilføj Tag
Ingen Tags, Vær først til at tagge denne postø!

MARC

LEADER 00000nam a2200000Ia 4500
008 170316s9999 xx 000 0 und d
040 |a cru BVZT 
090 |a 840 O-1f 
100 |a Orieux, Jean  |9 928 
245 |a La fontaine ou la vie est un conte 
260 |a París, Francia  |b Flammarion  |c 1976 
300 |a 684 páginas 
650 |a LITERATURA FRANCESA  |9 109 
999 |c 7870  |d 7870 
942 |c 15 D  |h 840 O-1f  |2 z